000 00791nam a2200265 a 4500
001 68876
003 BD-RjUL
005 20211209081823.0
008 170406r2009 ii a|||| |||| 001 0 eng d
020 _a9788173716478
035 _a(BD-RjUL)69087
040 _aBD-RjUL
_beng
_cBD-RjUL
_dBD-RjUL
041 _aeng
082 _223
_a599.935
_bKOE 2009
100 1 _aKothari, Manu L
_9204089
245 1 0 _aEssentials of human genetics /
_cManu L Kothari; L A Mehta; Sadhana S Roychoudhury
250 _a5th ed.
260 _aHyderabad :
_bUniversities Press,
_c 2009
300 _ax, 488 p. :
_bill. ;
_c27 cm.
500 _aIncludes index
650 _aHuman Genetics
_9204090
700 _aMehta, Lopa A
_9204091
700 _aRoychoudhury, Sadhana S
_9204092
942 _2ddc
_cBK
999 _c68876
_d68876